| 000 | 00550nam a22001577a 4500 | ||
|---|---|---|---|
| 005 | 20231102083907.0 | ||
| 008 | 231102b |||||||| |||| 00| 0 eng d | ||
| 041 | _aEnglish | ||
| 082 | _a346.6 SHR | ||
| 100 |
_aShrand, D and Keeton, AAF _lEnglish |
||
| 245 |
_aThe Registration, Management and Winding-up of Companies in South Africa / _cD Shrand and AAF Keeton |
||
| 260 |
_aCape Town : _bJuta and Company Limited, _c1956 |
||
| 300 |
_bix, 303 pages ; _c26 cm. |
||
| 650 |
_aLegal practice _bLaw |
||
| 942 |
_cBK _6ALISON_BN_VRIES |
||
| 999 |
_c246 _d246 |
||